[Event "CZE_ESP_2010_P"]
[Site "?"]
[Date "2010.??.??"]
[Round "?"]
[White "Canizares Cuadra, Pedro"]
[Black "Skorpík, Vlastimil"]
[Result "1/2-1/2"]
[WhiteElo "2261"]
[BlackElo "2420"]
[PlyCount "61"]
[EventDate "2010.??.??"]
[EventType "corr"]
[BlackTeam "Èeská republika"]
[BlackTeamCountry "CZE"]

1. e4 e5 2. f4 exf4 3. Nf3 g5 4. h4 g4 5. Ne5 d6 6. Nxg4 Nf6 7. Nxf6+ Qxf6 8.
Nc3 Nc6 9. Nd5 Qg6 10. d3 Qg3+ 11. Kd2 Bh6 12. Qf3 Kd8 13. c3 Ne5 14. Qxg3
fxg3+ 15. Kc2 Bxc1 16. Rxc1 c6 17. Ne3 Ng4 18. Nxg4 Bxg4 19. Re1 f5 20. Be2
Bxe2 21. Rxe2 fxe4 22. Rxe4 Kd7 23. Rhe1 c5 24. Re7+ Kc6 25. R1e3 Rag8 26. Rf3
h5 27. Rff7 Rb8 28. a4 Rhe8 29. Rc7+ Kb6 30. Kd2 Ka5 31. Rxb7 1/2-1/2

[Event "CZE_ESP_2010_P"]
[Site "?"]
[Date "2010.??.??"]
[Round "?"]
[White "Skorpík, Vlastimil"]
[Black "Canizares Cuadra, Pedro"]
[Result "1/2-1/2"]
[WhiteElo "2420"]
[BlackElo "2261"]
[PlyCount "64"]
[EventDate "2010.??.??"]
[EventType "corr"]
[BlackTeam "Èeská republika"]
[BlackTeamCountry "CZE"]

1. e4 c6 2. d4 d5 3. exd5 cxd5 4. c3 Nc6 5. Nf3 Nf6 6. Bf4 Bg4 7. Qb3 Na5 8.
Qa4+ Bd7 9. Bb5 Nc4 10. Bxd7+ Qxd7 11. Qxd7+ Nxd7 12. b3 Na5 13. Bd2 Nc6 14.
O-O e6 15. c4 dxc4 16. bxc4 Nb6 17. Rc1 Rd8 18. Be3 Bb4 19. a3 Ba5 20. Ra2 O-O
21. Nbd2 Bxd2 22. Rxd2 Na5 23. Rdc2 Rfe8 24. Kf1 Re7 25. Ke2 Red7 26. Nd2 f6
27. f4 Nc8 28. g4 Ne7 29. Nf3 Rb8 30. Rb1 Rc8 31. Kd3 b6 32. Bd2 Nb7 1/2-1/2

[Event "CZE_ESP_2010_P"]
[Site "?"]
[Date "2010.??.??"]
[Round "?"]
[White "Cutillas Ripoll, Pascual"]
[Black "Jezek, Jan"]
[Result "1-0"]
[WhiteElo "2477"]
[BlackElo "2467"]
[PlyCount "65"]
[EventDate "2010.??.??"]
[EventType "corr"]
[BlackTeam "Èeská republika"]
[BlackTeamCountry "CZE"]

1. e4 g6 2. d4 Bg7 3. c4 d6 4. Nc3 Nd7 5. Nf3 e5 6. Be2 Ngf6 7. O-O O-O 8. Be3
Re8 9. d5 Nh5 10. g3 Bf8 11. Ne1 Ng7 12. Nd3 f5 13. f3 Be7 14. Qd2 Nf6 15. c5
fxe4 16. fxe4 Ng4 17. Bxg4 Bxg4 18. Nf2 Bd7 19. c6 bxc6 20. dxc6 Bxc6 21. Ng4
Kh8 22. Nh6 Qd7 23. Rf7 Rf8 24. Raf1 Ne6 25. Nd5 Rxf7 26. Nxf7+ Kg8 27. Nh6+
Kh8 28. Nxe7 Qxe7 29. Rf7 Qd8 30. Qg2 Rb8 31. h4 Rb4 32. h5 Bxe4 33. Qh3 1-0

[Event "CZE_ESP_2010_P"]
[Site "?"]
[Date "2010.??.??"]
[Round "?"]
[White "Jezek, Jan"]
[Black "Cutillas Ripoll, Pascual"]
[Result "1/2-1/2"]
[WhiteElo "2467"]
[BlackElo "2477"]
[PlyCount "73"]
[EventDate "2010.??.??"]
[EventType "corr"]
[BlackTeam "Èeská republika"]
[BlackTeamCountry "CZE"]

1. c4 e5 2. Nc3 Bb4 3. Nd5 Be7 4. Nf3 d6 5. g3 Nf6 6. Nxe7 Qxe7 7. Bg2 O-O 8.
O-O Nc6 9. b3 e4 10. Ne1 Qe5 11. Nc2 Qh5 12. Bb2 Ne5 13. f4 exf3 14. exf3 Bh3
15. Ne3 Bxg2 16. Kxg2 Qg6 17. Qc2 Rfe8 18. Qxg6 hxg6 19. f4 Ned7 20. Rfe1 Re6
21. Nc2 Rae8 22. Rxe6 Rxe6 23. Re1 Rxe1 24. Nxe1 d5 25. Kf3 dxc4 26. bxc4 Ne8
27. Nc2 Nd6 28. Ne3 f6 29. g4 Kf7 30. f5 gxf5 31. gxf5 c5 32. Kf4 Nb8 33. d3
Nc6 34. Nd5 Ne7 35. Nxe7 Kxe7 36. h4 b6 37. h5 1/2-1/2

[Event "CZE_ESP_2010_P"]
[Site "?"]
[Date "2010.??.??"]
[Round "?"]
[White "Pavlícek, Miroslav"]
[Black "Roca del Río, Joan"]
[Result "1-0"]
[WhiteElo "2210"]
[BlackElo "2192"]
[PlyCount "83"]
[EventDate "2010.??.??"]
[EventType "corr"]
[BlackTeam "Èeská republika"]
[BlackTeamCountry "CZE"]

1. e4 c5 2. Nc3 e5 3. Bc4 d6 4. d3 Nf6 5. f4 Be7 6. Nf3 Nc6 7. O-O O-O 8. Nd5
Bg4 9. c3 Na5 10. fxe5 dxe5 11. Nxf6+ Bxf6 12. Bd5 Rc8 13. Be3 Qe7 14. Qa4 b6
15. a3 Bd7 16. Qc2 Be6 17. b4 Nb7 18. Nd2 h6 19. Rxf6 Bxd5 20. Rxh6 Be6 21. Rh5
Qd7 22. Nf3 f6 23. Re1 a5 24. bxc5 bxc5 25. Rf1 a4 26. Rh4 Rcd8 27. d4 cxd4 28.
cxd4 Qe7 29. dxe5 Qxa3 30. Re1 fxe5 31. Nxe5 Qd6 32. Nc6 Bb3 33. e5 Bxc2 34.
exd6 Rxd6 35. Ne7+ Kf7 36. Rf4+ Rf6 37. Rc4 Bd3 38. Rc7 Ke8 39. Bf4 Kd8 40. Rc3
Bc4 41. Ng6 Rxg6 42. Rxc4 1-0

[Event "CZE_ESP_2010_P"]
[Site "?"]
[Date "2010.??.??"]
[Round "?"]
[White "Roca del Río, Joan"]
[Black "Pavlícek, Miroslav"]
[Result "0-1"]
[WhiteElo "2192"]
[BlackElo "2210"]
[PlyCount "80"]
[EventDate "2010.??.??"]
[EventType "corr"]
[BlackTeam "Èeská republika"]
[BlackTeamCountry "CZE"]

1. e4 e6 2. d4 d5 3. Nc3 Bb4 4. e5 c5 5. a3 Bxc3+ 6. bxc3 Ne7 7. a4 Qc7 8. Nf3
Nbc6 9. Bb5 a6 10. Bxc6+ Nxc6 11. O-O O-O 12. Ba3 b6 13. dxc5 b5 14. axb5 axb5
15. Qd3 Bd7 16. Ng5 g6 17. Qe3 Ra4 18. Nf3 Rfa8 19. Qh6 Rxa3 20. Ng5 Nxe5 21.
Rae1 Nf3+ 22. gxf3 Qf4 23. c6 Bc8 24. Re4 Qf6 25. Nxh7 Qg7 26. Qg5 Qxh7 27. Rh4
Qxh4 28. Qxh4 Rxc3 29. c7 Rxc2 30. Rb1 Rc4 31. Qf6 Ra7 32. h4 Raxc7 33. h5 gxh5
34. Kh2 e5 35. Rg1+ Bg4 36. Qxe5 R7c6 37. Qxh5 Rf6 38. Qh4 Kg7 39. Rxg4+ Rxg4
40. Qxg4+ Kh7 0-1

[Event "CZE_ESP_2010_P"]
[Site "?"]
[Date "2010.??.??"]
[Round "?"]
[White "Kasík, Miroslav"]
[Black "Paredes Prats, José"]
[Result "1/2-1/2"]
[WhiteElo "2190"]
[BlackElo "2163"]
[PlyCount "61"]
[EventDate "2010.??.??"]
[EventType "corr"]
[BlackTeam "Èeská republika"]
[BlackTeamCountry "CZE"]

1. e4 c5 2. Nf3 d6 3. d4 cxd4 4. Nxd4 Nf6 5. Nc3 a6 6. Be2 e5 7. Nf3 Be7 8. O-O
O-O 9. Bc4 Be6 10. Bb3 h6 11. Re1 Nc6 12. Nd5 Bxd5 13. Bxd5 Nxd5 14. Qxd5 Qd7
15. Rd1 Qe6 16. c3 Rfc8 17. Be3 Qxd5 18. Rxd5 Nb8 19. Nd2 Nd7 20. f3 Rc6 21.
Rd3 Rf8 22. Rd1 h5 23. a4 Rfc8 24. a5 h4 25. Kf2 g6 26. g4 hxg3+ 27. hxg3 Kg7
28. c4 Rh8 29. b3 Rcc8 30. b4 Rc7 31. g4 1/2-1/2

[Event "CZE_ESP_2010_P"]
[Site "?"]
[Date "2010.??.??"]
[Round "?"]
[White "Paredes Prats, José"]
[Black "Kasík, Miroslav"]
[Result "1-0"]
[WhiteElo "2163"]
[BlackElo "2190"]
[PlyCount "59"]
[EventDate "2010.??.??"]
[EventType "corr"]
[BlackTeam "Èeská republika"]
[BlackTeamCountry "CZE"]

1. d4 Nf6 2. c4 e6 3. Nf3 d5 4. Nc3 c6 5. e3 Nbd7 6. Qc2 Bd6 7. Bd3 dxc4 8.
Bxc4 O-O 9. O-O e5 10. h3 Qe7 11. Bb3 a5 12. a3 b5 13. e4 exd4 14. Nxd4 Qe5 15.
Nf3 Qh5 16. Qd1 Nc5 17. Bc2 Bc7 18. e5 Rd8 19. Qe2 Nfd7 20. Re1 Re8 21. Bf4 f6
22. Ne4 Ne6 23. Bb3 Nxe5 24. Bxe5 fxe5 25. Qc2 Ra6 26. Nc5 Rb6 27. Qc3 b4 28.
axb4 Rxb4 29. Rad1 h6 30. Nd3 1-0

[Event "CZE_ESP_2010_P"]
[Site "?"]
[Date "2010.??.??"]
[Round "?"]
[White "Guevara i Pijoan, Josep"]
[Black "Markytán, Vladislav"]
[Result "1/2-1/2"]
[WhiteElo "2254"]
[BlackElo "2419"]
[PlyCount "69"]
[EventDate "2010.??.??"]
[EventType "corr"]
[BlackTeam "Èeská republika"]
[BlackTeamCountry "CZE"]

1. e4 e6 2. d4 d5 3. e5 c5 4. c3 Nc6 5. Nf3 Qb6 6. a3 Nh6 7. b4 cxd4 8. cxd4
Nf5 9. Be3 f6 10. exf6 gxf6 11. Bd3 Nxe3 12. fxe3 Bh6 13. Qe2 a5 14. b5 Ne7 15.
Nc3 e5 16. e4 Bg4 17. O-O exd4 18. Nxd5 Nxd5 19. exd5+ Be3+ 20. Kh1 O-O-O 21.
Qe1 Bxf3 22. Rxf3 Kb8 23. Qg3+ Qd6 24. Qh4 Rhf8 25. a4 h6 26. Raf1 Rc8 27. Qe4
Rc3 28. Be2 Qd8 29. Bd1 Re8 30. Qg6 Rg8 31. Qf7 Rf8 32. Qe6 Re8 33. Qxf6 Qxd5
34. Qg6 Rcc8 35. Rf5 1/2-1/2

[Event "CZE_ESP_2010_P"]
[Site "?"]
[Date "2010.??.??"]
[Round "?"]
[White "Markytán, Vladislav"]
[Black "Guevara i Pijoan, Josep"]
[Result "1-0"]
[WhiteElo "2419"]
[BlackElo "2254"]
[PlyCount "71"]
[EventDate "2010.??.??"]
[EventType "corr"]
[BlackTeam "Èeská republika"]
[BlackTeamCountry "CZE"]

1. d4 Nf6 2. c4 e6 3. Nc3 Bb4 4. e3 b6 5. Bd3 Bb7 6. Nf3 O-O 7. O-O d5 8. a3
Bd6 9. cxd5 exd5 10. b4 a6 11. Qb3 Qe7 12. Rb1 Nbd7 13. a4 Rfe8 14. Bd2 c6 15.
a5 Ne4 16. axb6 Nxb6 17. Rfc1 f5 18. Be1 Kh8 19. Ne2 Nd7 20. Rb2 Qf6 21. Ra1
Qd8 22. Rba2 Qc8 23. Qc2 g6 24. Nc1 f4 25. exf4 Bxf4 26. Nb3 Rb8 27. Bxa6 Bxa6
28. Rxa6 Ng5 29. Bd2 Nxf3+ 30. gxf3 Rf8 31. Kg2 Nb6 32. Bxf4 Rxf4 33. Qe2 Nc4
34. Ra7 Qf8 35. Nc5 Qh6 36. Re7 1-0